000 01424nas a2200289 454500
001 26089
005 20260407193506.0
008 260407s2009####ag###########|||spa#d
003 AR-UNSa-BCEJYS
040 _aAR-UNSa-BCEJYS
_bspa
_cAR-UNSa-BCEJYS
080 _a330
_xEconomía en general
245 1 0 _aSaberEs
_pRevista de Ciencias Económicas y Estadística
022 _a1852-4184
264 1 _aRosario :
_bLaborde Editor
_c2009
310 _aFrecuencia: Anual
520 _aSaberEs está destinada a difundir producción científica y tecnológica original en los campos de las disciplinas que integran las Ciencias Económicas (Administración, Contabilidad, Economía, Tributación, etc.) y la Estadística. Asimismo podrá contener comunicaciones breves, reseñas, recensiones de tesis, etc. Se dirige principalmente a investigadores, docentes universitarios, especialistas en los temas que trata la revista, estudiantes de posgrado, profesionales de disciplinas afines, etc.
041 _aspa
942 _cSER
590 _aniveau_biblio:s niveau_hierar:1
100 1 _aUniversidad Nacional de Rosario. Facultad de Ciencias Económicas y Estadística
700 1 _aPellegrini, José Luis
650 _aCONTABILIDAD
650 _aAdministración
650 _aESTADISTICA
650 _aECONOMIA
856 4 1 _uhttps://www.biblioeco.unsa.edu.ar/pmb/images/revistas/saberes.jpg
_yImagen de portada
_qimage/jpeg
999 _c8595
_d8595